| 000 | 00700nam a2200229 4500 | ||
|---|---|---|---|
| 001 | 45652 | ||
| 010 | _a9789895702756 | ||
| 021 |
_aPT _b531688/24 |
||
| 090 | _a45652 | ||
| 100 | _a20241213d2024 m y0pory50030103ba | ||
| 102 | _aPT | ||
| 200 | 1 |
_aA criada está a ver _fFreida McFadden _gtrad. Carla Ribeiro |
|
| 205 | _a1<U+00AA> ed | ||
| 210 | 9 |
_a[S.l.] _cAlma dos Livros, _d2024 |
|
| 215 |
_a357 p. _d24 cm |
||
| 304 | _aTít. orig.: The housemaid is watching | ||
| 675 |
_a821.111(73)-3 _vBN _zpor |
||
| 700 | 1 |
_aMcFadden, _bFreida, |
|
| 702 | 1 |
_aRibeiro, _bCarla |
|
| 801 | 0 |
_aPT _bBN _gRPC |
|
| 856 | 4 | 1 | _uhttp://rnod.bnportugal.gov.pt/ImagesBN/winlibimg.aspx?skey=&doc=2199924&img=202706&save=true |
| 990 | _cLIVROS | ||